| 000 | 00557nam a2200145 a 4500 | ||
|---|---|---|---|
| 008 | 120416s1964 ||||||||||||||||| || u | ||
| 050 | _aHB 501 Mar | ||
| 100 | _aMarx, Karl, 1818-1883 | ||
| 245 | 1 | 0 |
_aPre-capitalist economic formations _ctranslated by Jack Cohen |
| 260 |
_aLondon _bLawrence & Wishart _c1964 |
||
| 350 | _a0.00 | ||
| 700 | _aHobsbawm, Eric J | ||
| 700 | _aCohen, Jack | ||
| 995 |
_D0.00 _FCBU-MAIN LIBRARY (Kitwe) _H1 _I280.00 _M1 _UAVAILABLE _WOct 5, 2006 _ZMain Library Open Access Collection |
||
| 999 |
_c54334 _d54334 |
||